| 000 | 02640cam a22005294a 4500 | ||
|---|---|---|---|
| 999 |
_c529966 _d529966 |
||
| 001 | 14840632 | ||
| 003 | NUST | ||
| 005 | 20191008111848.0 | ||
| 008 | 070507s2007 dcuak b 000 0 eng c | ||
| 010 | _a 2007928377 | ||
| 020 | _a9780309097895 (pbk.) | ||
| 020 | _a0309097894 (pbk.) | ||
| 035 | _a(OCoLC)ocn190763420 | ||
| 038 | _aMSOHAIL | ||
| 040 |
_aTRL _cTRL _dCBT _dIQU _dDLC |
||
| 042 | _apcc | ||
| 050 | 0 | 0 |
_aTE220 _b.M365 2007 |
| 082 | 0 | 0 |
_a388.31068 _222 |
| 100 | 1 |
_aMarkow, Michael J. _922122 |
|
| 245 | 1 | 0 |
_aManaging selected transportation assets : _bsignals, lighting, signs, pavement markings, culverts, and sidewalks / _cconsultant, Michael J. Markow. |
| 260 |
_aWashington, D.C. : _bTransportation Research Board, _c2007. |
||
| 300 |
_a190 p. : _bill., form ; _c28 cm. |
||
| 490 | 1 |
_aNCHRP synthesis, _x0547-5570 ; _v371 |
|
| 500 | _a"A synthesis of highway practice." | ||
| 500 | _aAt head of title: National Cooperative Highway Research Program. | ||
| 500 | _a"Research sponsored by the American Association of State Highway and Transportation Officials in Cooperation with the Federal Highway Administration." | ||
| 504 | _aIncludes bibliographical references (p.136-143). | ||
| 530 | _aAlso available online from the Web site of the Transportation Research Board (http://trb.org). | ||
| 650 | 0 |
_aRoads _xMaintenance and repair _xManagement. _921272 |
|
| 650 | 0 |
_aTraffic signs and signals _xMaintenance and repair _xManagement. _921612 |
|
| 650 | 0 |
_aCulverts _xMaintenance and repair _xManagement. _923080 |
|
| 650 | 0 |
_aSidewalks _xMaintenance and repair _xManagement. _923081 |
|
| 650 | 0 |
_aTraffic engineering _xManagement. _923082 |
|
| 650 | 0 |
_aHighway engineering _xManagement. _921149 |
|
| 650 | 7 |
_aTraffic control devices. _2trt _923083 |
|
| 650 | 7 |
_aTransportation engineering. _2trt _9854 |
|
| 710 | 2 |
_aNational Research Council (U.S.). _bTransportation Research Board. _923084 |
|
| 710 | 2 |
_aNational Cooperative Highway Research Program. _920864 |
|
| 710 | 2 |
_aAmerican Association of State Highway and Transportation Officials. _919553 |
|
| 710 | 1 |
_aUnited States. _bFederal Highway Administration. _920149 |
|
| 830 | 0 |
_aSynthesis of highway practice ; _v371. _923085 |
|
| 856 | 4 | 1 |
_uhttp://onlinepubs.trb.org/onlinepubs/nchrp/nchrp_syn_371.pdf _zFull-text Adobe Acrobat (PDF) file. |
| 856 |
_uhttp://digitalarchive.oclc.org/request?id%3Doclcnum%3A190763420 _3OCLC Digital Archive |
||
| 906 |
_a7 _bcbc _cpccadap _d2 _eepcn _f20 _gy-gencatlg |
||
| 942 |
_2ddc _cBK |
||